000
00369nam a2200157Ia 4500
008
151213s9999 xx 000 0 und d
082
_a
657.45
100
_a
I C A B
245
_a
BD Statements On Auditing
_c
I C A B
260
_a
Dhaka
_b
I C A B
_c
2006
300
_a
7070 p.
650
_a
I C A B Reports
650
_a
Reference
700
_a
I C A B
999
_c
3742
_d
3742